LEADER 01551nam a2200289 i 4500 001 000000159834 003 CaOOAMICUS 005 20070611000000.0 008 070305s2006 it u000 u mul u 013 $a137197 040 $aSeMil$bita 100 1 $aBoutren, Robert,$d.$0(OLS)http://semarc/name/42006 245 13$aLa chiesa, la legittima successione dei suoi ministri, la necessità del primato (1574) /$cRobert Boutren ; prefazione di Roberto Giraldo ; introduzione e traduzione di Wilma Occhipinti Gozzini. 246 01$aDe Ecclesia et legitima ministrorum eius successione et primatus in ea necessitate 260 $aVenezia :$bISE,$c2006. 300 $a125 p. ;$c21 cm. 490 0 $aQuaderni di Studi Ecumenici ;$v13 500 $aTesto latino a fronte. - Supplemento al n. 3/2006 della rivista "Studi Ecumenici". 700 1 $aOcchipinti Gozzini, Wilma.$0(OLS)http://semarc/name/42008 700 1 $aGiraldo, Roberto .$0(OLS)http://semarc/name/42007 830 0$aQuaderni di Studi Ecumenici ;$v13.$0(OLS)http://semarc/title/79 850 $aSeMil 852 $aSeMil$W1$xVenegono$y1$m107 1 113$j111352$B111352$CSeMilBibl$Z2$F124133 $85 961 $aCambio: Scuola Cattolica 996 $6245$aLa chiesa, la legittima successione dei suoi ministri, la necessità del primato (1574)$9(OLS)http://semarc/title/142099 996 $6246$aDe Ecclesia et legitima ministrorum eius successione et primatus in ea necessitate$9(OLS)http://semarc/title/142100 996 $6260$aVenezia :$bISE$9(OLS)http://semarc/publisher/29648 LEADER 01786nam a2200289 i 4500 001 000000016780 003 CaOOAMICUS 005 20220128115655.0 008 180830s1656 it u000 u ita u 040 $aSeMil$bita 100 1 $aRinaldi, Odorico,$d<1595-1671>.$0(OLS)http://semarc/name/7712 245 10$aAnnali ecclesiastici tratti da quelli del cardinal Baronio per Odorico Rinaldi triuigiano prete della Congregatione dell'Oratorio di Roma. Parte 1. [-3.]. 246 0 $iTit. del vol. 1$aAnnali ecclesiastici volgari 250 $aCorretta e molto ampliata 260 $aIn Roma :$bAppresso Vitale Mascardi,$c1656-1658. 300 $a3 v. ;$c4°. 500 $aTesto su due colonne. - Front. incisi da Daniel Widman. 700 1 $aWidman, Daniel .$0(OLS)http://semarc/name/7714 700 1 $aMascardi, Vitale,$c.$0(OLS)http://semarc/name/7713 774 0 $tParte 1.$g1$w()228073 774 0 $tParte 2.$g2$w()163237 774 0 $t3. e ultima parte. Con gl'indici de' papi, degl'imperadori, e de' consoli, e con la tavola copiosa de' nomi, e delle materie, historiche e morali.$g3$w()228074 785 00$aRinaldi, Odorico <1595-1671>$tAnnali ecclesiastici d'Odorico Rinaldi triuigiano prete della Congregatione dell'Oratorio di Roma. Che cominciano nell'anno 1198. Ove terminò i suoi il card. Baronio.$dIn Roma : Appresso il Varese, 1670.$w()31117 996 $6245$aAnnali ecclesiastici tratti da quelli del cardinal Baronio per Odorico Rinaldi triuigiano prete della Congregatione dell'Oratorio di Roma. Parte 1. [-3.]$9(OLS)http://semarc/title/22197 996 $6246$aAnnali ecclesiastici volgari$9(OLS)http://semarc/title/22198 996 $6260$aIn Roma :$bAppresso Vitale Mascardi$9(OLS)http://semarc/publisher/34486